MARC

LEADER 00000nam0a2200000 4500
001 165048
005 20231031161625.0
010 |a 5230120851 
020 |a RU  |b 92-13119 
035 |a (RuTPU)RU\TPU\book\179059 
090 |a 165048 
100 |a 20090914d1991 m a0rusy5003 ca 
101 0 |a rus 
102 |a RU 
105 |a a z 001zy 
200 1 |a Вопросы кибернетики. Устройства и системы  |e сборник научных трудов  |f Московский институт радиотехники, электроники и автоматики ; под ред. Н. Н. Евтихиева 
210 |a Москва  |c МИРЭА  |d 1991 
215 |a 112 с.  |c ил.  |d 20 см 
320 |a Библиогр. в конце ст. 
610 1 |a кибернетические системы 
610 1 |a проектирование 
610 1 |a устройство 
610 1 |a синтез 
610 1 |a анализ 
610 1 |a кибернетика 
675 |a 681.5  |z rus 
702 1 |a Евтихиев  |b Н. Н.  |g Николай Николаевич  |4 340 
712 0 2 |a Московский государственный институт радиотехники, электроники и автоматики (Технический университет) (МИРЭА)  |2 stltpush  |3 (RuTPU)RU\TPU\col\119 
801 0 |a RU  |b RuMRKP  |c 19950417  |g psbo 
801 1 |a RU  |b 63413507  |c 20090914 
801 2 |a RU  |b 63413507  |c 20100913  |g RCR 
942 |c BK